1682 1543 1980 1886 1475 1035 1132 1385 1966 1613 1534 1552 1346 1011 1049 1337 1636 1352 1613 1984 1492 1717 1214 1097 1323 1346 1886 1900 1740 1268 1311 1521 1485 1562 1111 1186 1564 1227 1005 1960 1035 1186 1203 1153 1997 1734 1027 1254 1127 1611 1363 1843 1701 1706 1395 1034 1971 1352 1307 1118 1928 1611 1105 1468 1683 1471 1876 1973 1384 1282 1343 1210 1538 1488 1068 1149 1458 1952 1626 1796 1497 1354 1581 1950 1003 1744 1548 1661 1517 1932 1756 1582 1841 1777 1952 1775 1840 1823 1455 BCNSPRNW ULIB Ver.6.0+V

เปลี่ยนเป็นภาษาไทย

Change to English
 แสดงรายละเอียดบรรณานุกรม
  กลับหน้าหลัก

Brief Record : Get Marc (ISO 2709) : E-mail record : QR code < ปิดหน้าต่าง
LEADER : 00000nam 2200000uu 4500
001    13399124286
003     ULIB
008    150217s2557||||th 000 0 tha d
020    ^a9789742935405
060  4 ^aWY18^bม121ร
100 0  มนฑาทิพย์ ไชยศักดิ์.
245 00 ^aระเบียบวิธีการสอนการพยาบาลในคลินิก/^cมนฑาทิพย์ ไชยศักดิ์.
250    ^aพิมพ์ครั้งที่ 2.
260    ^aนนทบุรี:^bโครงการสวัสดิการวิชาการ สถาบันพระบรมราชชนก,^c2557.
300    ^a110 หน้า
650  0 การพยาบาล^xการสอน.
650  0 การพยาบาล
710 1  สถาบันพระบรมราชชนก.^bโครงการสวัสดิการวิชาการ .
945    ^p110^l0^i22851
945    ^p110^l0^i22852
945    ^p110^l0^i22853
999    ^aทศพร เกษรทอง
รายการนี้ยังไม่มีแท็ก
คุณยังไม่ได้ล็อกอิน คุณสามารถมีกิจกรรมร่วมกับเว็บไซต์ได้ แต่ต้องล็อกอินก่อน ::
  ล็อกอิน

รายการสื่อสารสนเทศ

ลำดับที่ ประเภท เลขเรียก/บาร์โค้ด สถานที่ สถานะ
1. Book การพยาบาล
Book การพยาบาล
สถานะ=หนังสือเก่า
WY18 ม121ร ฉ.1 
  Barcode: 22851
ห้องสมุดวิทยาเขตนครสวรรค์
►ส่วนจัดเก็บหนังสือเก่า นว.
บนชั้น
  ขอยืม
2. Book การพยาบาล
Book การพยาบาล
สถานะ=หนังสือเก่า
WY18 ม121ร ฉ.2 
  Barcode: 22852
ห้องสมุดวิทยาเขตนครสวรรค์
►ส่วนจัดเก็บหนังสือเก่า นว.
บนชั้น
  ขอยืม
3. Book การพยาบาล
Book การพยาบาล
สถานะ=หนังสือเก่า
WY18 ม121ร ฉ.3 
  Barcode: 22853
ห้องสมุดวิทยาเขตนครสวรรค์
►ส่วนจัดเก็บหนังสือเก่า นว.
บนชั้น
  ขอยืม

รายการใกล้เคียง
    ผู้แต่ง [มนฑาทิพย์ ไชยศักดิ์.]

    หัวเรื่อง [การพยาบาล]

BibComment


ยังไม่เคยถูกคอมเมนท์

คอมเมนท์ทรัพยากรรายการนี้
  คอมเมนท์: ระเบียบวิธีการสอ..


 Copyright 2026. Bcnsprnw @Library